01014nam a22002535i 4500001000700000003000900007005001700016008004100033080001700074100002900091245013200120260003700252300005900289490003300348500003800381504002800419597002800447600002100475700003800496830004100534852003900575999001900614952012700633176828ES-MaACL20230906220206.0110214s1961 sp af |||| | spa d a75 Greco, El1 aMatthews, John F.97913411a(Domenicos Theotocopulos) El Greco b: (1541-1614) / ctexto de John F. Matthews ; versión castellana de R. Santos Torroella. aBarcelona : bTimun Mas, c1961. a[2] h. , [74] p. : bil. , lám. col. y n. ; c18 cm.1 aEl libro de arte de bolsillo aEncuadernado con otros títulos. aBibliografía: p. [74] aEn el lomo: Tomos I-VI.04aEl Greco.9468930 aSantos Torroella, Rafael.91035360 aEl libro de arte de bolsillo9183601 aES-MaACLjE-14305 (1) xOlim P-144 c176828d176828 00104070aATENEOMbATENEOMcDEPO2d2011-02-14eDONl0oE-14305 (1)p1185720r2023-02-23 00:00:00w2023-02-23yMONOGRAFIA